000
00303nam a2200121Ia 4500
008
190216s9999||||xx |||||||||||||| ||und||
100
_a
Kenney J F And Keeping E S
245
0
_a
Mathematics Of Statistics
260
_b
D -van Nostrand Co.
_c
1939
300
_a
348p
650
_a
Mathematics
942
_c
BK
999
_c
30427
_d
30427